Bearfoot (Record no. 39915)
[ view plain ]
| 000 -LEADER | |
|---|---|
| fixed length control field | 00543njm a22002297a 4500 |
| 001 - CONTROL NUMBER | |
| control field | 5693353 |
| 005 - DATE AND TIME OF LATEST TRANSACTION | |
| control field | 20180109073616.0 |
| 007 - PHYSICAL DESCRIPTION FIXED FIELD--GENERAL INFORMATION | |
| fixed length control field | sdubsmennmplu |
| 008 - FIXED-LENGTH DATA ELEMENTS--GENERAL INFORMATION | |
| fixed length control field | 931025s1972 nyuuun eng |
| 010 ## - LIBRARY OF CONGRESS CONTROL NUMBER | |
| LC control number | 93728343 |
| 028 00 - PUBLISHER NUMBER | |
| Publisher number | KE 32146 |
| Source | Epic |
| 040 ## - CATALOGING SOURCE | |
| Original cataloging agency | DLC |
| Transcribing agency | DLC |
| 041 ## - LANGUAGE CODE | |
| Language code of text/sound track or separate title | eng |
| 080 ## - UNIVERSAL DECIMAL CLASSIFICATION NUMBER | |
| Universal Decimal Classification number | 574 MAR |
| 082 ## - DEWEY DECIMAL CLASSIFICATION NUMBER | |
| Edition number | 574 MAR |
| 100 ## - Rafti | |
| Rafti | 9 |
| 101 ## - Shkurtesa | |
| Shkurtesa | MJE |
| 245 00 - TITLE STATEMENT | |
| Title | Bearfoot |
| 511 0# - PARTICIPANT OR PERFORMER NOTE | |
| Participant or performer note | Performed by Bearfoot. |
| 906 ## - LOCAL DATA ELEMENT F, LDF (RLIN) | |
| a | 7 |
| b | cbc |
| c | orignew |
| d | 5 |
| e | ncip |
| f | 19 |
| g | y-genmusic |
| 942 ## - ADDED ENTRY ELEMENTS (KOHA) | |
| Source of classification or shelving scheme | |
| Item type | Books |
No items available.